Art deco painting
Αποθηκεύτηκε σε:
| Κύριος συγγραφέας: | |
|---|---|
| Μορφή: | Βιβλίο |
| Γλώσσα: | English |
| Δημοσίευση: |
London :
Phaidon,
c1990.
|
| Θέματα: | |
| Ετικέτες: |
Προσθήκη ετικέτας
Δεν υπάρχουν, Καταχωρήστε ετικέτα πρώτοι!
|
MARC
| LEADER | 00000cam a2200000 i 4500 | ||
|---|---|---|---|
| 001 | 1/64292 | ||
| 008 | 071123s1990 enk| ||| |||| ||eng|| | ||
| 020 | |a 0714835765 | ||
| 035 | |l 10092518 | ||
| 040 | |a GR-MyUa |b gre |e AACR2 | ||
| 041 | 0 | |a eng | |
| 082 | 7 | |a 759.0612 |2 (22) | |
| 100 | 1 | |a Lucie-Smith, Edward. | |
| 245 | 1 | 0 | |a Art deco painting / |c Edward Lucie-Smith. |
| 260 | |a London : |b Phaidon, |c c1990. | ||
| 300 | |a 160 σ. : |b έγχρ. εικ. ; |c 28 εκ. | ||
| 504 | |a Βιβλιογραφία: σ. 158. Ευρετήριο. | ||
| 650 | 0 | |a Art deco. | |
| 650 | 0 | |a Painting, Modern |y 20th century. | |
| 852 | |a INST |b SYROS |e 20071123 |h 759.0612 LUC |p 005500006900 |q 005500006900 |t BK |y 0 | ||
| 901 | |a BIBL5-2007-3 | ||
| 922 | |a 5ΕΛΗ |b 200710 |c ΕΠΕΑΕΚ2/ΤΜΣΠΣ |d Παπασωτηρίου | ||
| 970 | |a Κοντού |b Παρασκευή |z 23/11/2007 | ||